Sierra Leone : Poverty Reduction Strategy Paper.

This paper examines Sierra Leone's Poverty Reduction Strategy Paper (PRSP). Sierra Leone's PRSP considers a number of short- to medium-term challenges that should not only impact immediately on the living conditions of people but also lay solid foundations for addressing the long-term caus...

Celý popis

Podrobná bibliografie
Korporativní autor: International Monetary Fund
Médium: Časopis
Jazyk:English
Vydáno: Washington, D.C. : International Monetary Fund, 2005.
Edice:IMF Staff Country Reports; Country Report ; No. 2005/191
On-line přístup:Full text available on IMF
LEADER 01528cas a2200241 a 4500
001 AALejournalIMF008849
008 230101c9999 xx r poo 0 0eng d
020 |c 5.00 USD 
020 |z 9781451834505 
022 |a 1934-7685 
040 |a BD-DhAAL  |c BD-DhAAL 
110 2 |a International Monetary Fund. 
245 1 0 |a Sierra Leone :   |b Poverty Reduction Strategy Paper. 
264 1 |a Washington, D.C. :  |b International Monetary Fund,  |c 2005. 
300 |a 1 online resource (163 pages) 
490 1 |a IMF Staff Country Reports 
500 |a <strong>Off-Campus Access:</strong> No User ID or Password Required 
500 |a <strong>On-Campus Access:</strong> No User ID or Password Required 
506 |a Electronic access restricted to authorized BRAC University faculty, staff and students 
520 3 |a This paper examines Sierra Leone's Poverty Reduction Strategy Paper (PRSP). Sierra Leone's PRSP considers a number of short- to medium-term challenges that should not only impact immediately on the living conditions of people but also lay solid foundations for addressing the long-term causes of conflict and poverty. These have been identified through extensive national consultations. In addition, the PRSP also considers a number of short-term challenges that need to be met immediately. 
538 |a Mode of access: Internet 
830 0 |a IMF Staff Country Reports; Country Report ;  |v No. 2005/191 
856 4 0 |z Full text available on IMF  |u http://elibrary.imf.org/view/journals/002/2005/191/002.2005.issue-191-en.xml  |z IMF e-Library